Capacity planning for Web services: metrics models and methods (Record no. 4143)
[ view plain ]
| 000 -LEADER | |
|---|---|
| fixed length control field | 00548 a2200169 4500 |
| 020 ## - INTERNATIONAL STANDARD BOOK NUMBER | |
| International Standard Book Number | 0130659037 |
| 040 ## - CATALOGING SOURCE | |
| Original cataloging agency | DLC |
| 082 00 - DEWEY DECIMAL CLASSIFICATION NUMBER | |
| Classification number | 004.2 |
| 100 1# - MAIN ENTRY--PERSONAL NAME | |
| Personal name | Menasce, Daniel A. |
| 245 10 - TITLE STATEMENT | |
| Title | Capacity planning for Web services: metrics models and methods |
| Statement of responsibility, etc. | Daniel A. Menasc�e, Virgilio A.F. *Almeida. |
| 260 ## - PUBLICATION, DISTRIBUTION, ETC. | |
| Place of publication, distribution, etc. | Upper Saddle River, NJ : |
| Name of publisher, distributor, etc. | Prentice Hall, |
| Date of publication, distribution, etc. | c2002. |
| 300 ## - PHYSICAL DESCRIPTION | |
| Extent | xxiii, 572 p. : |
| Other physical details | ill. ; |
| Dimensions | 25 cm. |
| 650 #0 - SUBJECT ADDED ENTRY--TOPICAL TERM | |
| Topical term or geographic name entry element | Computer capacity |
| General subdivision | Planning. |
| 650 #0 - SUBJECT ADDED ENTRY--TOPICAL TERM | |
| Topical term or geographic name entry element | World Wide Web. |
| 700 1# - ADDED ENTRY--PERSONAL NAME | |
| Personal name | Almeida, Virgilio A. F. |
| 942 ## - ADDED ENTRY ELEMENTS (KOHA) | |
| Koha item type | Book |
| Call number prefix | 004.2 MEN |
| Source of classification or shelving scheme | |
| Withdrawn status | Lost status | Damaged status | Not for loan | Collection code | Permanent Location | Current Location | Shelving location | Date acquired | Source of acquisition | Cost, normal purchase price | Total Checkouts | Full call number | Barcode | Date last seen | Price effective from | Koha item type |
|---|---|---|---|---|---|---|---|---|---|---|---|---|---|---|---|---|
| Central Library (CL) | Central Library (CL) | First Floor - Data Communication/Network/Architecture | 10/22/2002 | Progressive International Agencies | 3555.82 | 004.2 MEN | seecs002591 | 11/14/2012 | 01/05/2017 | Book |
